Labor de la Cruz Roja Española para prevenir y castigar el empleo abusivo del nombre y emblema de la Institución : (Record no. 185427)

MARC details
000 -LEADER
campo de control de longitud fija 00545nam a2200145 i 4500
001 - NÚMERO DE CONTROL
campo de control 185427
003 - IDENTIFICADOR DE NÚMERO DE CONTROL
campo de control ES-MaACL
005 - FECHA Y HORA DE LA ÚLTIMA TRANSACCIÓN
campo de control 20230906222430.0
008 - DATOS DE LONGITUD FIJA--INFORMACIÓN GENERAL
campo de control de longitud fija 160602s1921 sp |||| | spa d
245 00 - MENCIÓN DEL TÍTULO
Título Labor de la Cruz Roja Española para prevenir y castigar el empleo abusivo del nombre y emblema de la Institución :
Resto del título memoria presentada a la Conferencia Internacional Ginebra.
260 ## - PUBLICACIÓN, DISTRIBUCIÓN, ETC.
Lugar de publicación, distribución, etc. [S.l.] :
Nombre del editor, distribuidor, etc. Viuda de Ernesto Catalá,
Fecha de publicación, distribución, etc. 1921.
300 ## - DESCRIPCIÓN FÍSICA
Extensión 45 p. ;
Dimensiones 23 cm.
710 2# - ENTRADA AGREGADA--NOMBRE DE ENTIDAD CORPORATIVA
Nombre de entidad corporativa o nombre de jurisdicción como elemento de entrada Cruz Roja Española.
9 (RLIN) 3322
852 ## - LOCALIZACIÓN
Ubicación ES-MaACL
Número de control de estantería 1526-F-4
Holdings
Estatus retirado Estado de pérdida Estado de daño No para préstamo Colección Biblioteca de origen Biblioteca actual Ubicación en estantería Fecha de adquisición Fuente de adquisición Total de préstamos Signatura topográfica completa Código de barras Visto por última vez Precio de reemplazo Tipo de ítem Koha
        Colección de folletos Biblioteca del Ateneo de Madrid Biblioteca del Ateneo de Madrid Depósito folletos 02/06/2016     1526-F-4 1195355 23/02/2023 23/02/2023 Folleto